[Event "Los Angeles Metropolitan 20th"]
[Site "Los Angeles"]
[Date "2012.07.15"]
[Round "8"]
[White "Matikozian, Andranik"]
[Black "Manukian, Garuch"]
[Result "1/2-1/2"]
[WhiteElo "2407"]
[BlackElo "2276"]
[PlyCount "40"]
[EventDate "2012.07.11"]
[EventType "tourn"]
[EventRounds "9"]
[EventCountry "USA"]
[EventCategory "1"]
[SourceTitle "CBM 149 Extra"]
[Source "ChessBase"]
[SourceDate "2012.08.24"]
[SourceVersion "1"]
[SourceVersionDate "2012.08.24"]
[SourceQuality "1"]

1. e4 e6 2. d4 d5 3. Nc3 dxe4 4. Nxe4 Nd7 5. Nf3 Ngf6 6. Bg5 Be7 7. Bxf6 Nxf6 8. Bd3 Nxe4 9. Bxe4 c5 10. Qe2 Qa5+ 11. c3 cxd4 12. Nxd4 0-0 13. 0-0 e5 14. Nf5 Bxf5 15. Bxf5 Qc7 16. Rfd1 Rad8 17. Rxd8 Rxd8 18. Rd1 Rxd1+ 19. Qxd1 Qd6 20. Qxd6 Bxd6 1/2-1/2

[Event "Los Angeles Metropolitan 18th"]
[Site "Los Angeles"]
[Date "2012.04.15"]
[Round "9"]
[White "Liou, Yian"]
[Black "Manukian, Garuch"]
[Result "1/2-1/2"]
[WhiteElo "2293"]
[BlackElo "2279"]
[PlyCount "39"]
[EventDate "2012.04.11"]
[EventType "tourn"]
[EventRounds "9"]
[EventCountry "USA"]
[EventCategory "2"]
[SourceTitle "CBM 148 Extra"]
[Source "ChessBase"]
[SourceDate "2012.06.22"]
[SourceVersion "1"]
[SourceVersionDate "2012.06.22"]
[SourceQuality "1"]

1. e4 c6 2. d4 d5 3. Nd2 dxe4 4. Nxe4 Bf5 5. Ng3 Bg6 6. Nh3 e6 7. Nf4 Bd6 8. Ngh5 Bf8 9. c3 Nf6 10. Nxf6+ Qxf6 11. Qb3 b6 12. Nxg6 hxg6 13. Be2 Bd6 14. h3 Bf4 15. Bxf4 Qxf4 16. Bf3 0-0 17. 0-0 Qd6 18. Rad1 Nd7 19. Rfe1 Rac8 20. Qa4 1/2-1/2

[Event "Los Angeles Metropolitan 18th"]
[Site "Los Angeles"]
[Date "2012.04.13"]
[Round "4"]
[White "Manukian, Garuch"]
[Black "Kavutskiy, Konstantin"]
[Result "1/2-1/2"]
[WhiteElo "2279"]
[BlackElo "2302"]
[PlyCount "43"]
[EventDate "2012.04.11"]
[EventType "tourn"]
[EventRounds "9"]
[EventCountry "USA"]
[EventCategory "2"]
[SourceTitle "CBM 148 Extra"]
[Source "ChessBase"]
[SourceDate "2012.06.22"]
[SourceVersion "1"]
[SourceVersionDate "2012.06.22"]
[SourceQuality "1"]

1. Nf3 Nf6 2. g3 d5 3. b3 Bg4 4. Bb2 Nbd7 5. Bg2 e6 6. Ne5 Nxe5 7. Bxe5 Bd6 8. Bb2 e5 9. c4 c6 10. cxd5 cxd5 11. Nc3 Be7 12. 0-0 0-0 13. f3 Be6 14. d4 exd4 15. Qxd4 Rc8 16. Kh1 Qa5 17. Rac1 Rfd8 18. Rfd1 Bf8 19. a3 h6 20. b4 Qa6 21. Qd3 Qxd3 22. Rxd3 1/2-1/2

[Event "Los Angeles Metropolitan 15th"]
[Site "Los Angeles"]
[Date "2012.01.27"]
[Round "4"]
[White "Manukian, Garuch"]
[Black "Kavutskiy, Konstantin"]
[Result "1/2-1/2"]
[WhiteElo "2303"]
[BlackElo "2315"]
[PlyCount "93"]
[EventDate "2012.01.25"]
[EventType "tourn"]
[EventRounds "9"]
[EventCountry "USA"]
[EventCategory "2"]
[SourceTitle "CBM 146 Extra"]
[Source "ChessBase"]
[SourceDate "2012.02.29"]
[SourceVersion "1"]
[SourceVersionDate "2012.02.29"]
[SourceQuality "1"]

1. e4 e6 2. d3 d5 3. Nd2 Nf6 4. g3 c5 5. Bg2 Nc6 6. Ngf3 Be7 7. 0-0 Qc7 8. Re1 b6 9. a3 Bb7 10. Nf1 d4 11. N1d2 e5 12. Rf1 Nd7 13. Rb1 b5 14. h3 0-0-0 15. c3 Kb8 16. Qb3 c4 17. dxc4 Na5 18. Qxb5 a6 19. Qa4 dxc3 20. bxc3 Nc5 21. Qc2 Ka7 22. Ne1 Bc6 23. Rb4 Nab7 24. Nb3 a5 25. Nxc5 Bxc5 26. Rb1 Qd7 27. Qe2 Qd1 28. Qb2 Qa4 29. Be3 Qxc4 30. Nf3 f6 31. Rfe1 Bxe3 32. Rxe3 Qc5 33. Ne1 Nd6 34. Nd3 Qb5 35. Qc2 Qa4 36. Qxa4 Bxa4 37. Nc5 Bc6 38. Bf1 g5 39. Rd1 Nb7 40. Rxd8 Rxd8 41. Nxb7 Kxb7 42. Rd3 Rf8 43. f3 Kc7 44. Kf2 Rb8 45. c4 Rb2+ 46. Be2 Rc2 47. Re3 1/2-1/2

[Event "Los Angeles Metropolitan op 1st"]
[Site "Los Angeles"]
[Date "2011.08.21"]
[Round "9"]
[White "Manukian, Garuch"]
[Black "Haessel, Dale R"]
[Result "1-0"]
[WhiteElo "2292"]
[BlackElo "2211"]
[PlyCount "43"]
[EventDate "2011.08.17"]
[EventType "swiss"]
[EventRounds "9"]
[EventCountry "USA"]
[SourceTitle "CBM 144 Extra"]
[Source "ChessBase"]
[SourceDate "2011.10.28"]
[SourceVersion "1"]
[SourceVersionDate "2011.10.28"]
[SourceQuality "1"]

1. b3 e5 2. Bb2 Nc6 3. g3 g6 4. Bg2 Bg7 5. c4 Nge7 6. Nc3 0-0 7. e3 d6 8. Nge2 Be6 9. 0-0 d5 10. d3 f5 11. e4 dxe4 12. dxe4 f4 13. f3 Nb4 14. Nd5 Nbxd5 15. cxd5 Bd7 16. gxf4 exf4 17. Bxg7 Kxg7 18. Qd4+ Kg8 19. Rac1 Bb5 20. Rf2 Qd6 21. Bh3 Bd7 22. e5 1-0

[Event "Los Angeles Metropolitan 9th"]
[Site "Los Angeles"]
[Date "2011.07.29"]
[Round "5"]
[White "Coleman, Teddy"]
[Black "Manukian, Garuch"]
[Result "1/2-1/2"]
[WhiteElo "2285"]
[BlackElo "2292"]
[PlyCount "125"]
[EventDate "2011.07.27"]
[EventType "tourn"]
[EventRounds "9"]
[EventCountry "USA"]
[EventCategory "2"]
[SourceTitle "CBM 143 Extra"]
[Source "ChessBase"]
[SourceDate "2011.08.29"]
[SourceVersion "1"]
[SourceVersionDate "2011.08.29"]
[SourceQuality "1"]

1. d4 Nf6 2. c4 e6 3. Nc3 d5 4. cxd5 exd5 5. Bg5 Be7 6. e3 c6 7. Bd3 Nbd7 8. Nge2 0-0 9. 0-0 Re8 10. Rb1 Nf8 11. b4 b6 12. b5 c5 13. dxc5 Bxc5 14. Bxf6 Qxf6 15. Nxd5 Qe5 16. e4 f5 17. Bc4 Kh8 18. exf5 Bxf5 19. Rb3 Rad8 20. Ng3 Bg6 21. Rf3 Rd6 22. h4 h6 23. h5 Bh7 24. Kh2 Red8 25. Re1 Qg5 26. Qb3 Rxd5 27. Bxd5 Qxd5 28. Qxd5 Rxd5 29. Re8 Kg8 30. Ra8 Bd6 31. a4 Rxh5+ 32. Kg1 Rd5 33. Kh2 Rh5+ 34. Kg1 Rd5 35. Kh2 h5 36. Kh3 Bc2 37. Rd8 h4 38. Ne2 Be4 39. Nc3 Bxf3 40. Nxd5 Bxd5 41. Rxd6 Bb3 42. a5 bxa5 43. Ra6 Bc4 44. Rxa7 Bxb5 45. Rxa5 Bc6 46. Ra6 Bd5 47. Ra5 Ng6 48. g3 hxg3 49. Kxg3 Be6 50. f4 Ne7 51. Kh4 Kf7 52. Kg5 g6 53. Ra7 Bf5 54. Ra5 Bc8 55. Ra7 Bf5 56. Ra5 Ke6 57. Re5+ Kd6 58. Ra5 Bd3 59. Ra3 Be4 60. Ra5 Nc6 61. Ra6 Bf5 62. Kf6 Kd5 63. Ra1 1/2-1/2

[Event "Los Angeles Metropolitan 9th"]
[Site "Los Angeles"]
[Date "2011.07.28"]
[Round "2"]
[White "Manukian, Garuch"]
[Black "Nunez Hirales, Juan Alejandro"]
[Result "1-0"]
[WhiteElo "2292"]
[BlackElo "2078"]
[PlyCount "64"]
[EventDate "2011.07.27"]
[EventType "tourn"]
[EventRounds "9"]
[EventCountry "USA"]
[EventCategory "2"]
[SourceTitle "CBM 143 Extra"]
[Source "ChessBase"]
[SourceDate "2011.08.29"]
[SourceVersion "1"]
[SourceVersionDate "2011.08.29"]
[SourceQuality "1"]

1. b3 d5 2. Bb2 Nf6 3. f4 e6 4. e3 Nc6 5. Nf3 Bd6 6. Be2 Qe7 7. Ne5 Bxe5 8. fxe5 Nd7 9. d4 Qg5 10. 0-0 Qxe3+ 11. Kh1 0-0 12. c3 Qg5 13. Bc1 Qd8 14. Ba3 Ne7 15. Nd2 f5 16. exf6 Rxf6 17. Nf3 Nf5 18. Qd2 Nf8 19. Ne5 Nd6 20. Ng4 Rf5 21. Bd3 Rh5 22. Qf4 Ng6 23. Bxg6 hxg6 24. Bxd6 Rf5 25. Nh6+ gxh6 26. Qxh6 Qf6 27. Rxf5 Qxf5 28. Be5 Kf7 29. Kg1 Ke8 30. Rf1 Qh5 31. Qf8+ Kd7 32. Rf7+ Kc6 1-0

[Event "Los Angeles Metropolitan 1st"]
[Site "Los Angeles"]
[Date "2010.11.20"]
[Round "6"]
[White "Manukian, Garuch"]
[Black "Amanov, Zhanibek"]
[Result "0-1"]
[WhiteElo "2302"]
[BlackElo "2394"]
[PlyCount "130"]
[EventDate "2010.11.12"]
[EventType "tourn"]
[EventRounds "9"]
[EventCountry "USA"]
[EventCategory "3"]
[SourceTitle "CBM 139 Extra"]
[Source "ChessBase"]
[SourceDate "2011.01.05"]
[SourceVersion "1"]
[SourceVersionDate "2011.01.05"]
[SourceQuality "1"]

1. b3 Nf6 2. Bb2 d5 3. e3 Bf5 4. f4 e6 5. Nf3 Nbd7 6. Be2 Bd6 7. 0-0 h6 8. Ne5 a5 9. a4 c6 10. Nxd7 Qxd7 11. d3 Qe7 12. Nd2 Bc5 13. d4 Bd6 14. Bd3 0-0 15. Qe2 Rfe8 16. e4 dxe4 17. Nxe4 Bxe4 18. Bxe4 Nxe4 19. Qxe4 Qd7 20. Rf3 Be7 21. c4 Bf6 22. Rd1 Rad8 23. Bc3 Qc7 24. g4 c5 25. Rfd3 cxd4 26. Bxd4 Rxd4 27. Rxd4 Qb6 28. Qe3 Bxd4 29. Rxd4 Qc5 30. Kf2 Kf8 31. Rd3 Qxe3+ 32. Kxe3 Ke7 33. b4 axb4 34. Rb3 Kd7 35. Rxb4 Kc6 36. Rb5 Rd8 37. Rh5 Rd1 38. g5 hxg5 39. fxg5 Re1+ 40. Kd2 Rg1 41. h4 Rg4 42. Rh7 f5 43. gxf6 gxf6 44. Kc3 e5 45. h5 Rh4 46. h6 Kc5 47. Rc7+ Kb6 48. Rh7 f5 49. Kb4 f4 50. Re7 Rxh6 51. Rxe5 Rf6 52. Rb5+ Kc7 53. Kc3 f3 54. Rb1 f2 55. Rf1 Kc6 56. Kd4 Rf8 57. a5 Rf7 58. Ke3 Kc5 59. Kd3 Kb4 60. Kd4 Kxa5 61. Kc5 Ka4 62. Kd6 Kb4 63. c5 Kc4 64. Ke6 Rf3 65. Kd6 Kd3 0-1

[Event "Las Vegas National op"]
[Site "Las Vegas"]
[Date "2009.06.07"]
[Round "6"]
[White "Manukian, Garuch"]
[Black "Yanayt, Eugene"]
[Result "1/2-1/2"]
[WhiteElo "2333"]
[BlackElo "2207"]
[PlyCount "110"]
[EventDate "2009.06.05"]
[EventType "swiss"]
[EventRounds "6"]
[EventCountry "USA"]
[SourceTitle "CBM 130 Extra"]
[Source "ChessBase"]
[SourceDate "2009.07.02"]
[SourceVersion "2"]
[SourceVersionDate "2009.07.15"]
[SourceQuality "1"]

1. e4 c5 2. Nf3 d6 3. g3 Nc6 4. Bg2 g6 5. 0-0 Bg7 6. d3 e5 7. Nc3 Nge7 8. Be3 0-0 9. Qd2 Nd4 10. Nd5 Nxd5 11. exd5 Nf5 12. c3 Nxe3 13. Qxe3 f5 14. Nd2 Rb8 15. a4 b6 16. f4 Re8 17. Rfe1 Ba6 18. Nf3 Bh6 19. Qd2 Rb7 20. h4 Rbe7 21. Ng5 Bxg5 22. fxg5 Rf7 23. Kh2 f4 24. Rf1 Ref8 25. Bh3 Bc8 26. Qe2 Bd7 27. Be6 Bxe6 28. dxe6 Rf5 29. g4 f3 30. Qe4 Rf4 31. Qb7 Qe8 32. Qd7 Qxd7 33. exd7 Rxg4 34. Rxf3 Rxh4+ 35. Kg3 Rxf3+ 36. Kxf3 Rf4+ 37. Ke3 Rf8 38. a5 Rd8 39. axb6 axb6 40. Ke4 Rxd7 41. Kd5 Kf7 42. Rf1+ Ke7 43. Rf6 Rd8 44. b4 b5 45. Rf2 cxb4 46. cxb4 Rc8 47. Rh2 Rc3 48. Rxh7+ Kf8 49. Kxd6 Rxd3+ 50. Kxe5 Rf3 51. Rb7 Rf5+ 52. Ke6 Kg8 53. Rb8+ Kg7 54. Rb7+ Kg8 55. Rb8+ Kg7 1/2-1/2

[Event "Pasadena op"]
[Site "Pasadena"]
[Date "2008.09.01"]
[Round "5"]
[White "Zaloznyy, Mike"]
[Black "Manukian, Garuch"]
[Result "0-1"]
[WhiteElo "2019"]
[BlackElo "2319"]
[PlyCount "82"]
[EventDate "2008.08.30"]
[EventType "swiss"]
[EventRounds "6"]
[EventCountry "USA"]
[SourceTitle "EXT 2009"]
[Source "ChessBase"]
[SourceDate "2008.11.26"]
[SourceVersion "1"]
[SourceVersionDate "2008.11.26"]
[SourceQuality "1"]

1. e4 c6 2. d4 d5 3. Nc3 dxe4 4. Nxe4 Bf5 5. Ng3 Bg6 6. h4 h6 7. Nh3 e6 8. Nf4 Bh7 9. Bd3 Bxd3 10. Qxd3 Nf6 11. Bd2 Nbd7 12. 0-0-0 Qc7 13. Rhe1 0-0-0 14. Ne4 c5 15. Qa3 Kb8 16. Nxf6 Nxf6 17. dxc5 Rxd2 18. Rxd2 Qxf4 19. Qa5 Be7 20. g3 Qc7 21. Qxc7+ Kxc7 22. b4 Kc6 23. a3 Kb5 24. Kb2 a5 25. Kb3 a4+ 26. Kb2 Rd8 27. Rxd8 Bxd8 28. Rd1 Nd5 29. Rd3 Kc4 30. f4 g5 31. fxg5 hxg5 32. h5 f5 33. h6 Bf6+ 34. Kc1 e5 35. Rf3 Ne7 36. Rd3 Nd5 37. Rf3 f4 38. gxf4 exf4 39. h7 g4 40. Rf1 g3 41. Kd2 g2 0-1

[Event "Southern California op 27th"]
[Site "Los Angeles"]
[Date "2005.09.05"]
[Round "6"]
[White "Manukian, Garuch"]
[Black "Matikozian, Andranik"]
[Result "0-1"]
[WhiteElo "2293"]
[BlackElo "2527"]
[PlyCount "62"]
[EventDate "2005.09.03"]
[EventType "swiss"]
[EventRounds "8"]
[EventCountry "USA"]
[SourceTitle "CBM 108 Extra"]
[Source "ChessBase"]
[SourceDate "2005.11.04"]
[SourceVersion "1"]
[SourceVersionDate "2005.11.04"]
[SourceQuality "1"]

1. d4 Nf6 2. c4 g6 3. Nc3 Bg7 4. Nf3 d6 5. Bg5 0-0 6. e3 Nbd7 7. Be2 h6 8. Bh4 e5 9. 0-0 g5 10. dxe5 dxe5 11. Bg3 Qe7 12. Qc2 c6 13. Nd2 Ne8 14. f4 exf4 15. exf4 Bxc3 16. Qxc3 Qxe2 17. fxg5 hxg5 18. Nf3 Nc5 19. Rae1 Qd3 20. Qe5 Ne6 21. Nxg5 Qd4+ 22. Qxd4 Nxd4 23. Nxf7 Nf5 24. Nd8 Nxg3 25. hxg3 Rxf1+ 26. Kxf1 Kf8 27. b3 c5 28. g4 b6 29. g5 Bd7 30. Ne6+ Bxe6 31. Rxe6 Kf7 0-1

[Event "Las Vegas National op"]
[Site "Las Vegas"]
[Date "2005.06.11"]
[Round "4"]
[White "Anka, Emil"]
[Black "Manukian, Garuch"]
[Result "1/2-1/2"]
[WhiteElo "2447"]
[BlackElo "2293"]
[PlyCount "66"]
[EventDate "2005.06.10"]
[EventType "swiss"]
[EventRounds "7"]
[EventCountry "USA"]
[SourceTitle "CBM 106 Extra"]
[Source "ChessBase"]
[SourceDate "2005.07.01"]
[SourceVersion "1"]
[SourceVersionDate "2005.07.01"]
[SourceQuality "1"]

1. e4 c6 2. d4 d5 3. Nd2 dxe4 4. Nxe4 Bf5 5. Ng3 Bg6 6. Nf3 Nd7 7. h4 h6 8. h5 Bh7 9. Bd3 Bxd3 10. Qxd3 Qc7 11. Bd2 e6 12. 0-0-0 Ngf6 13. Qe2 Bd6 14. Nf5 Bf4 15. Ne3 Nd5 16. c4 Nxe3 17. fxe3 Bg3 18. Kb1 c5 19. Bc3 cxd4 20. exd4 0-0-0 21. Nd2 Nf6 22. Ne4 Nxe4 23. Qxe4 Kb8 24. Rd3 Bd6 25. Rc1 Ka8 26. Bd2 Qc6 27. d5 exd5 28. Rxd5 Rhe8 29. Qd4 f6 30. Be3 b6 31. Bf4 Bc7 32. g3 Rc8 33. Bxc7 Rxc7 1/2-1/2

[Event "Los Angeles Masters 1st"]
[Site "Los Angeles"]
[Date "2005.01.31"]
[Round "4"]
[White "Matikozian, Andranik"]
[Black "Manukian, Garuch"]
[Result "1/2-1/2"]
[WhiteElo "2496"]
[BlackElo "2293"]
[PlyCount "87"]
[EventDate "2005.01.31"]
[EventType "swiss (rapid)"]
[EventRounds "4"]
[EventCountry "USA"]
[SourceTitle "CBM 104 Extra"]
[Source "ChessBase"]
[SourceDate "2005.03.01"]
[SourceVersion "1"]
[SourceVersionDate "2005.03.01"]
[SourceQuality "1"]

1. e4 c6 2. d4 d5 3. e5 Bf5 4. h4 h5 5. c4 e6 6. Nc3 Nd7 7. Bg5 Be7 8. cxd5 exd5 9. Qd2 Bxg5 10. hxg5 Ne7 11. Be2 Bg6 12. g4 h4 13. f4 Be4 14. Bf3 Bxf3 15. Nxf3 f5 16. gxf6 gxf6 17. Rxh4 Rg8 18. e6 Nf8 19. f5 Qd6 20. Qh2 Qxh2 21. Nxh2 Rg7 22. Nf3 Nh7 23. Ke2 0-0-0 24. Rah1 Ng5 25. Nxg5 Rxg5 26. Rh7 Re8 27. Kf3 Kd8 28. Rf7 c5 29. Rxe7 Rxe7 30. Nxd5 Rxe6 31. fxe6 Rxd5 32. dxc5 Rxc5 33. Rh7 Rc7 34. Rh8+ Ke7 35. Rh7+ Kd6 36. Rxc7 Kxc7 37. Ke4 Kd6 38. Kf5 Ke7 39. b4 b5 40. a3 a6 41. Kf4 Kxe6 42. Ke4 Kd6 43. Kd4 Kc6 44. Ke4 1/2-1/2

[Event "Wch U16"]
[Site "Heraklion"]
[Date "2004.11.12"]
[Round "10"]
[White "Moranda, Wojciech"]
[Black "Manukian, Garuch"]
[Result "1/2-1/2"]
[WhiteElo "2458"]
[BlackElo "2198"]
[PlyCount "83"]
[EventDate "2004.11.04"]
[EventType "swiss"]
[EventRounds "11"]
[EventCountry "GRE"]
[SourceTitle "EXT 2005"]
[Source "ChessBase"]
[SourceDate "2004.11.15"]
[SourceVersion "1"]
[SourceVersionDate "2004.11.15"]
[SourceQuality "1"]

1. d4 Nf6 2. c4 e6 3. Nc3 Bb4 4. f3 d5 5. a3 Bxc3+ 6. bxc3 0-0 7. cxd5 exd5 8. e3 Bf5 9. Ne2 c6 10. g4 Be6 11. Ng3 Ne8 12. Bd3 Nd6 13. Qc2 Qh4 14. 0-0 Nd7 15. a4 c5 16. Ba3 Rac8 17. Rae1 Rc6 18. Qf2 cxd4 19. cxd4 Rfc8 20. e4 dxe4 21. fxe4 Rc3 22. Bxd6 Rxd3 23. d5 Bxg4 24. Qxf7+ Kh8 25. Rc1 Ra8 26. Rc2 Qg5 27. Rcf2 h5 28. Be7 Qe5 29. Nf5 Rg8 30. Bd6 Qxe4 31. Qxd7 Rxd5 32. Rf4 Bxf5 33. Rxf5 Qg4+ 34. Kh1 Rd2 35. Qxb7 Rxd6 36. Qf7 Qe4+ 37. R5f3 Qd5 38. Qxd5 Rxd5 39. Rf7 Ra5 40. R7f5 Rxf5 41. Rxf5 g5 42. h4 1/2-1/2